000 00954nam a2200265 a 4500
001 000010987
005 20240412074222.0
008 091013s1997 dr 001 p spa d
040 _aDO-SdBNP
_bspa
_cBNPHU
082 _aRD861.44
_bV732a
100 1 _aVillegas, Víctor,
_d1924-
_97800
245 1 0 _aAhora no es ahora /
_cVíctor Villegas.
260 _aSanto Domingo :
_bUASD,
_c1997.
300 _a95 p. ;
_c17 cm.
490 1 _aPublicaciones de la Universidad Autónoma de Santo Domingo
_v830
490 1 _aLiteratura y sociedad
_v16
500 _aIncluye datos biográficos del autor.
590 _aInventariado, 2019 / DG
650 0 _aPoesía dominicana
_966
650 0 _aLiteratura dominicana.
_967
710 1 _aUniversidad Autónoma de Santo Domingo
_972951
830 0 _aPublicaciones de la Universidad Autónoma de Santo Domingo
_n830
_926405
830 0 _aLiteratura y sociedad
_v16
_912032
910 _aValidado. Control de calidad EMS
999 _c10725
_d10725